| 000 | 00712nas a2200229 4500 | ||
|---|---|---|---|
| 001 | BR2010003422 | ||
| 003 | BR-BrBNA | ||
| 005 | 20231205114145.0 | ||
| 007 | ta | ||
| 008 | 230509b bl.|||p| |||| 00| 00por d | ||
| 040 |
_aBR-BrBNA _bpor _cBiblioteca Nacional de Agricultura |
||
| 041 | _a(Pt) | ||
| 072 | _aL70 | ||
| 100 | 1 | _aScognamillo-Szabó, M.V.R. | |
| 100 | 1 | _aBechara, G.H. | |
| 245 | 1 | _aAcupuntura: histórico, bases teóricas e sua aplicação em Medicina Veterinária | |
| 650 | _aACUPUNTURA | ||
| 650 | _aVETERINÁRIA | ||
| 773 | 0 |
_tCiência Rural (Brazil) _xISSN 0103-8478 _g(Feb 2010), v. 40(2) p. 491-500 _wBR2010003422 |
|
| 909 |
_a202311 _bLúcia _c55 _dLúcia Elande |
||
| 942 |
_2AGRIS _n0 _cANA |
||
| 999 |
_c207340 _d207340 |
||